| 000 | 04846cam a2200697 i 4500 | ||
|---|---|---|---|
| 001 | data | ||
| 005 | 20260322212104.0 | ||
| 008 | data | ||
| 035 | _a19135511 | ||
| 906 |
_a7 _bcbc _cpccadap _d2 _encip _f20 _gy-gencatlg |
||
| 925 | 0 |
_aacquire _b1 shelf copy _xpolicy default |
|
| 955 | _wxm08 2017-06-26 (telework) | ||
| 010 | _a 2016944634 | ||
| 020 | _a9780128028506 | ||
| 020 | _a0128028505 | ||
| 020 |
_z9780128028841 _q(e-book) |
||
| 035 | _a(OCoLC)952982970 | ||
| 040 |
_aBTCTA _beng _cBTCTA _erda _dDLC _dYDXCP _dYAM _dOCLCQ _dOCLCF _dOCLCQ _dSHH _dOBE _dNRC _dNDD _dDLC |
||
| 042 | _apcc | ||
| 050 | 0 | 0 |
_aQL858 _b.B47 2017 |
| 082 | 0 | 0 |
_a591.4/4 _223 |
| 100 | 1 |
_aBerkovitz, B. K. B., _eauthor. |
|
| 245 | 1 | 4 |
_aThe teeth of non-mammalian vertebrates / _cBarry Berkovitz, Emeritus Reader in Dental Anatomy, King's College London, United Kingdom ; Visiting Professor, Oman Dental College, Mina Al Fahal, Oman ; Honorary Curator, Odontological Collection, Hunterian Museum, Royal College of Surgeons of England, London, United Kingdom, Peter Shellis, Department of Preventive, Restorative and Pediatric Dentistry, University of Bern, Switzerland. |
| 264 | 1 |
_aSan Diego, CA, United States : _aSan Diego, CA, United States : _bAcademic Press is an imprint of Elsevier, _c[2017] |
|
| 264 | 4 | _c©2017 | |
| 300 |
_axi, 342 pages : _billustrations (chiefly color) ; _c29 cm |
||
| 336 |
_atext _btxt _2rdacontent |
||
| 336 |
_astill image _bsti _2rdacontent |
||
| 337 |
_aunmediated _bn _2rdamedia |
||
| 338 |
_avolume _bnc _2rdacarrier |
||
| 500 | _aBook available in 2016. | ||
| 504 | _aIncludes bibliographical references and index. | ||
| 505 | 0 | _aCyclostomes -- Chondrichthyes 1 : sharks -- Chondrichthyes 2 : rays and chimaeras -- Osteichthyes -- Amphibia -- Reptiles 1 : tuatara and lizards -- Reptiles 2 : snakes -- Reptiles 3 : crocodylia -- Tooth formation -- Tooth replacement and ontogeny of the dentition -- Dentine and dental pulp -- Enameloid and enamel. | |
| 520 |
_a"The Teeth of Non-Mammalian Vertebrates is the first comprehensive publication devoted to the teeth and dentitions of living fishes, amphibians and reptiles. The book presents a comprehensive survey of the amazing variety of tooth forms among non-mammalian vertebrates, based on descriptions of approximately 400 species belonging to about 160 families. The text is lavishly illustrated with more than 600 high-quality color and monochrome photographs of specimens gathered from top museum collections and researchers from around the world, supplemented by radiographs, scanning electron micrographs, and micro-CT images. This stimulating work discusses the functional morphology of feeding, the attachment of teeth, and the relationship of tooth form to function, with each chapter accompanied by a comprehensive, up-to-date reference list. Following the descriptions of the teeth and dentitions in each class, four chapters review current topics with considerable research activity: tooth development; tooth replacement; and the structure, formation, and evolution of the dental hard tissues. This timely book, authored by internationally recognized teachers and researchers in the field, also reflects the resurgence of interest in the dentitions of non-mammalian vertebrates as experimental systems to help understand genetic changes in the evolution of teeth and jaws. Key features: provides detailed coverage of the dentition of all living groups of non-mammalian vertebrates; includes clear, concise, and up-to-date reviews of tooth structure, attachment, development, and replacement, together with helpful reading lists; offers guidance on tooth morphology for classification and evolution of vertebrates."-- _cPage 4 of cover. |
||
| 650 | 0 | _aTeeth. | |
| 650 | 0 |
_aFishes _xAnatomy. |
|
| 650 | 0 |
_aAmphibians _xAnatomy. |
|
| 650 | 0 |
_aReptiles _xAnatomy. |
|
| 650 | 0 | _aDentition. | |
| 650 | 0 |
_aVertebrates _xAnatomy. |
|
| 650 | 4 |
_aAmphibians _xAnatomy. |
|
| 650 | 4 | _aDentition. | |
| 650 | 4 |
_aFishes _xAnatomy. |
|
| 650 | 4 |
_aReptiles _xAnatomy. |
|
| 650 | 4 | _aTeeth. | |
| 650 | 4 |
_aVertebrates _xAnatomy. |
|
| 650 | 7 |
_aAmphibians _xAnatomy. |
|
| 650 | 7 | _aDentition. | |
| 650 | 7 |
_aFishes _xAnatomy. |
|
| 650 | 7 |
_aReptiles _xAnatomy. |
|
| 650 | 7 | _aTeeth. | |
| 650 | 7 |
_aVertebrates _xAnatomy. |
|
| 650 | 7 |
_aAmphibians _xAnatomy. _2fast _0(OCoLC)fst00807902 |
|
| 650 | 7 |
_aDentition. _2fast _0(OCoLC)fst00890746 |
|
| 650 | 7 |
_aFishes _xAnatomy. _2fast _0(OCoLC)fst00926369 |
|
| 650 | 7 |
_aReptiles _xAnatomy. _2fast _0(OCoLC)fst01095022 |
|
| 650 | 7 |
_aTeeth. _2fast _0(OCoLC)fst01145710 |
|
| 650 | 7 |
_aVertebrates _xAnatomy. _2fast _0(OCoLC)fst01165546 |
|
| 700 | 1 |
_aShellis, R. P. _q(Robert Peter), _eauthor. |
|
| 999 |
_c1518 _d1518 |
||